Тепловой расчет котельных агрегатов ДКВР: методические указания по курсовому проектированию

Bibliografiske detaljer
Hovedforfatter: Тихонов В. Н.
Institution som forfatter: Свердловский институт народного хозяйства
Andre forfattere: Добровинский Р. Ю.
Sprog:russisk
Udgivet: Свердловск, [Б. и.], 1972
Fag:
Format: MixedMaterials Bog
KOHA link:https://koha.lib.tpu.ru/cgi-bin/koha/opac-detail.pl?biblionumber=157518

MARC

LEADER 00000nam0a2200000 4500
001 157518
005 20231031153858.0
035 |a (RuTPU)RU\TPU\book\170860 
090 |a 157518 
100 |a 20090409d1972 m y0rusy50 ca 
101 0 |a rus 
102 |a RU 
105 |a a z 001zy 
200 1 |a Тепловой расчет котельных агрегатов ДКВР  |e методические указания по курсовому проектированию  |f В. Н. Тихонов, Р. Ю. Добровинский  |g Свердловский институт народного хозяйства 
210 |a Свердловск  |c [Б. и.]  |d 1972 
215 |a 75 с.  |c ил. 
320 |a Библиогр.: с. 59. 
610 1 |a котельные агрегаты 
610 1 |a котлы 
610 1 |a топочные устройства 
610 1 |a тепловой расчет 
610 1 |a расчеты 
610 1 |a курсовое проектирование 
610 1 |a чертежи 
610 1 |a методика 
675 |a 621.182.001  |v 3 
700 1 |a Тихонов  |b В. Н. 
701 1 |a Добровинский  |b Р. Ю. 
712 0 2 |a Свердловский институт народного хозяйства  |2 stltpush  |3 (RuTPU)RU\TPU\col\15887 
801 1 |a RU  |b 63413507  |c 20090409  |g PSBO 
801 2 |a RU  |b 63413507  |c 20150521  |g RCR 
942 |c BK